ទិន្នផលស្រូវស្រាលនាំចូលរដូវប្រាំង ក្នុងលក្ខខ័ណ្ឌពិសោធន៍ ចំការដូង (Record no. 42)
[ view plain ]
| 000 -LEADER | |
|---|---|
| fixed length control field | 00567nam a22001577a 4500 |
| 003 - CONTROL NUMBER IDENTIFIER | |
| control field | OSt |
| 005 - DATE AND TIME OF LATEST TRANSACTION | |
| control field | 20150905152752.0 |
| 008 - FIXED-LENGTH DATA ELEMENTS--GENERAL INFORMATION | |
| fixed length control field | 150905b xxu||||| |||| 00| 0 eng d |
| 040 ## - CATALOGING SOURCE | |
| Transcribing agency | RUA |
| 082 ## - DEWEY DECIMAL CLASSIFICATION NUMBER | |
| Classification number | AGR ពិត 1991 B002 Or.1 |
| 100 ## - MAIN ENTRY--PERSONAL NAME | |
| 9 (RLIN) | 44 |
| Personal name | ពិត ខុនហ៊ែល |
| 245 ## - TITLE STATEMENT | |
| Title | ទិន្នផលស្រូវស្រាលនាំចូលរដូវប្រាំង ក្នុងលក្ខខ័ណ្ឌពិសោធន៍ ចំការដូង |
| 260 ## - PUBLICATION, DISTRIBUTION, ETC. (IMPRINT) | |
| Place of publication, distribution, etc. | Phnom Penh |
| Name of publisher, distributor, etc. | RUA |
| Date of publication, distribution, etc. | 1991 |
| 300 ## - PHYSICAL DESCRIPTION | |
| Extent | 65p. |
| Other physical details | ill. |
| Dimensions | 29cm. |
| 942 ## - ADDED ENTRY ELEMENTS (KOHA) | |
| Source of classification or shelving scheme | |
| Koha item type | AGR |
No items available.